Preparing for the twenty-first century / (Record no. 11965)

MARC details
000 -LEADER
fixed length control field 01168pam a2200301 a 4500
001 - CONTROL NUMBER
control field 2995257
003 - CONTROL NUMBER IDENTIFIER
control field OSt
005 - DATE AND TIME OF LATEST TRANSACTION
control field 20211012142732.0
008 - FIXED-LENGTH DATA ELEMENTS--GENERAL INFORMATION
fixed length control field 930809r19941993nyua b 001 0 eng
010 ## - LIBRARY OF CONGRESS CONTROL NUMBER
LC control number 93006327
020 ## - INTERNATIONAL STANDARD BOOK NUMBER
International Standard Book Number 0679747052 :
Terms of availability $14.00
040 ## - CATALOGING SOURCE
Original cataloging agency DLC
Transcribing agency hu
Modifying agency DLC
050 10 - LIBRARY OF CONGRESS CALL NUMBER
Classification number CB161
Item number .K44 1994
082 00 - DEWEY DECIMAL CLASSIFICATION NUMBER
Classification number 303.49/09/05
Edition number 20
100 1# - MAIN ENTRY--PERSONAL NAME
Personal name Kennedy, Paul M.,
Dates associated with a name 1945-
9 (RLIN) 12902
245 10 - TITLE STATEMENT
Title Preparing for the twenty-first century /
Statement of responsibility, etc. Paul Kennedy.
250 ## - EDITION STATEMENT
Edition statement 1st Vintage Books ed.
260 ## - PUBLICATION, DISTRIBUTION, ETC.
Place of publication, distribution, etc. New York :
Name of publisher, distributor, etc. Vintage Books,
Date of publication, distribution, etc. 1994.
300 ## - PHYSICAL DESCRIPTION
Extent xvi, 428 p. :
Other physical details ill. ;
Dimensions 21 cm.
500 ## - GENERAL NOTE
General note Originally published: New York : Random House, c1993.
504 ## - BIBLIOGRAPHY, ETC. NOTE
Bibliography, etc. note Includes bibliographical references (p. 389-405) and index.
650 #0 - SUBJECT ADDED ENTRY--TOPICAL TERM
Topical term or geographic name entry element Twenty-first century.
9 (RLIN) 6922
740 0# - ADDED ENTRY--UNCONTROLLED RELATED/ANALYTICAL TITLE
Uncontrolled related/analytical title Preparing for the 21st century.
856 42 - ELECTRONIC LOCATION AND ACCESS
Materials specified Publisher description
Uniform Resource Identifier <a href="http://www.loc.gov/catdir/description/random043/93006327.html">http://www.loc.gov/catdir/description/random043/93006327.html</a>
906 ## - LOCAL DATA ELEMENT F, LDF (RLIN)
a 7
b cbc
c orignew
d 1
e ocip
f 19
g y-gencatlg
942 ## - ADDED ENTRY ELEMENTS (KOHA)
Source of classification or shelving scheme Dewey Decimal Classification
Koha item type Books like text book referance book
Suppress in OPAC No
Holdings
Withdrawn status Lost status Source of classification or shelving scheme Damaged status Not for loan Home library Current library Shelving location Date acquired Total Checkouts Full call number Barcode Date last seen Copy number Price effective from Koha item type
    Dewey Decimal Classification     Social Library Social Library General Stacks 10/12/2021   303/ken SHLIB 00001915 10/12/2021 1 10/12/2021 Books like text book referance book